Essential of Auditing and Income Tax (Record no. 2496)
[ view plain ]
| 000 -LEADER | |
|---|---|
| fixed length control field | 00449nam a2200169Ia 4500 |
| 008 - FIXED-LENGTH DATA ELEMENTS--GENERAL INFORMATION | |
| fixed length control field | 151213s9999 xx 000 0 und d |
| 082 ## - DEWEY DECIMAL CLASSIFICATION NUMBER | |
| Classification number | 657.45 |
| 100 ## - MAIN ENTRY--PERSONAL NAME | |
| Personal name | Prof. Goursadhan Datta |
| 245 ## - TITLE STATEMENT | |
| Title | Essential of Auditing and Income Tax |
| Statement of responsibility, etc. | Prof. Goursadhan Datta |
| 250 ## - EDITION STATEMENT | |
| Edition statement | 2nd |
| 260 ## - PUBLICATION, DISTRIBUTION, ETC. (IMPRINT) | |
| Place of publication, distribution, etc. | Dhaka |
| Name of publisher, distributor, etc. | Mallick Brothers |
| Date of publication, distribution, etc. | 1966 |
| 300 ## - PHYSICAL DESCRIPTION | |
| Extent | 3784 p. |
| 650 ## - SUBJECT ADDED ENTRY--TOPICAL TERM | |
| Topical term or geographic name as entry element | Accounting |
| 650 ## - SUBJECT ADDED ENTRY--TOPICAL TERM | |
| Topical term or geographic name as entry element | Income Tax |
| 700 ## - ADDED ENTRY--PERSONAL NAME | |
| Personal name | Prof. Goursadhan Datta |
No items available.
